[Event "Vasteras Open 2018"]
[Site "Vasteras"]
[Date "2018.09.28"]
[Round "3"]
[White "Malmstig, Erik"]
[Black "Subramanian, Aditya"]
[Result "1/2-1/2"]
[WhiteElo "2309"]
[BlackElo "2151"]
[Annotator "TA"]
[PlyCount "130"]
[EventDate "2018.09.28"]
[EventCountry "SWE"]
[SourceTitle "playchess.com"]
[Source "ChessBase"]
[SourceQuality "1"]

{[%evp 17,130,22,52,24,36,0,47,8,25,22,59,56,86,36,47,0,18,0,8,0,20,0,21,-10,0,0,15,0,63,5,96,89,74,78,87,92,72,71,68,60,47,0,58,57,97,73,97,93,135,90,114,-66,-64,-64,-57,-339,-157,-182,0,0,0,0,0,0,0,0,36,36,36,16,16,0,16,16,16,16,16,16,16,16,16,16,16,16,16,16,16,16,16,16,16,16,16,16,16,16,16,16,16,16,16,16,16,16,16,16,16,16,16,0,16,0,0,0,0]} 1. d4 Nf6 2. Bg5 d5 3. Bxf6 gxf6 4. e3 c5 5. Nd2 (5. Nf3 Nc6 6. c4 cxd4 7. exd4 e5 8. Nc3 Bb4 9. cxd5 Qxd5 10. dxe5 Qxd1+ 11. Rxd1 Nxe5 12. Nxe5 fxe5 13. Bc4 Ke7 {½-½ (37) Mamedyarov,S (2808)-Vachier Lagrave,M (2789) Leuven 2018}) 5... Nc6 6. dxc5 {D00: 1 d4 d5: Unusual lines} e6 7. Nb3 Bxc5 8. Nxc5 Qa5+ 9. c3 Qxc5 {LiveBook: 3 Games} 10. Qh5 $146 ({Predecessor:} 10. g3 Bd7 11. Ne2 Rc8 12. Bg2 Ne5 13. O-O {½-½ (43) Torre,E (2520)-Wu,S (2528) Ho Chi Minh City 2003}) 10... Bd7 11. O-O-O Ne5 12. Qh4 Qe7 13. f4 Nc4 14. Bxc4 $1 dxc4 15. f5 Rg8 16. Nf3 {[%cal Bg1f3,Bf3d2,Bd2b3,Bb3d4][%mdl 32]} e5 17. Qxh7 O-O-O 18. Qh4 Rxg2 19. Qxc4+ Kb8 20. Qf1 (20. Ne1 {is more complex.} Rf2 21. e4 Rc8 22. Qd3 Ba4 23. Qd6+) 20... Rgg8 21. Nd2 Bc6 22. Rg1 Qc5 (22... Rh8 $11) 23. Qe2 ({Better is} 23. Rxg8 $14 Rxg8 24. Qc4 Qxe3 25. Qxf7) 23... e4 (23... Bb5 $11 24. c4 Rh8) 24. Nb3 Rxd1+ 25. Rxd1 Qxf5 26. Nd4 Qd5 27. c4 $36 {[%mdl 2048] White is on the roll.} Qc5 28. Rf1 Bd7 {Threatening ...Bh3.} 29. b3 ({Don't go for} 29. Rxf6 $2 Rg1+ 30. Kc2 Bg4 $19) 29... Qe5 (29... Bh3 $11 30. Rf2 Qa3+ 31. Qb2 Rg1+ 32. Kc2 Qc5) 30. Qf2 $14 f5 31. Kb1 Rh8 32. h4 a6 33. Rh1 ({Don't do} 33. Nxf5 $6 Bxf5 34. Qxf5 Qxf5 $14) 33... f4 34. exf4 $2 {[#]} (34. Qxf4 $16 Qxf4 35. exf4) 34... e3 $15 35. fxe5 exf2 {[%mdl 4096] Endgame KRB-KRN} 36. e6 $2 {[%mdl 8192]} (36. Rf1 $1 $15 Rxh4 37. Ne2) 36... Rxh4 (36... fxe6 $19 {is more deadly. White must now prevent ...Rf8.} 37. Rf1 Rf8) 37. Rf1 $17 {[#] aiming for Nf3.} Rxd4 $2 (37... fxe6 $19 38. Nf3 Rf4) 38. exd7 $11 Rxd7 {...Rd2 is the strong threat.} 39. Rxf2 $19 {KR-KR} Kc7 40. Kc2 Kc6 41. Kc3 Re7 42. Rf6+ Kc7 43. a4 a5 {The position is equal.} 44. c5 Re6 45. Rxf7+ Kc6 46. Kd4 Rh6 47. Rf4 b6 48. cxb6 Kxb6 49. Kc3 Rh3+ 50. Kc4 Rh6 51. Rf5 Rc6+ 52. Kd3 Rd6+ 53. Kc3 Rc6+ 54. Kb2 Rh6 55. Ka3 Rg6 56. Rf8 Rc6 57. Rb8+ Ka7 58. Rb5 Ka6 59. Rg5 Rh6 60. Rg4 Rf6 61. Rc4 Rh6 62. Rc5 Rg6 63. Rb5 Rh6 64. b4 axb4+ 65. Kxb4 Rh4+ {Precision: White = 43%, Black = 49%.} 1/2-1/2

[Event "Vasteras Open 2018"]
[Site "Vasteras"]
[Date "2018.09.28"]
[Round "3"]
[White "Johansson, Gunnar"]
[Black "Von Bahr, Oskar"]
[Result "1/2-1/2"]
[WhiteElo "2252"]
[BlackElo "2418"]
[Annotator "TA"]
[PlyCount "138"]
[EventDate "2018.09.28"]
[EventCountry "SWE"]
[SourceTitle "playchess.com"]
[Source "ChessBase"]
[SourceQuality "1"]

{[%evp 29,138,0,0,0,0,0,4,0,0,-31,-19,-64,0,0,0,-14,-10,-40,-28,-46,-44,-52,-42,-55,-45,-79,-85,-102,-101,-105,-31,-141,-138,-136,-136,-132,-114,-109,-98,-135,-24,-24,-24,-24,-24,-24,-8,-18,-8,-8,-8,-8,-8,-8,-8,-8,-8,-8,0,0,8,8,8,8,8,8,8,8,8,0,0,0,0,0,0,0,0,0,0,0,0,-46,-46,-46,-46,-46,-8,-8,-8,-18,-21,-697,0,0,0,0,0,0,0,0,139,139,141,0,0,0,0,0,0,0,0]} 1. d4 Nf6 2. c4 g6 3. Nc3 d5 4. cxd5 Nxd5 5. e4 Nxc3 6. bxc3 Bg7 7. Nf3 c5 8. Be3 Qa5 9. Qd2 Nc6 10. Rb1 a6 11. Rc1 cxd4 12. cxd4 Qxd2+ 13. Kxd2 e6 14. Bd3 {D85: Exchange Grünfeld: Unusual White 7th moves and lines with 7 Nf3} O-O 15. Rc4 Bd7 {[#] LiveBook: 6 Games} 16. Rb1 $146 ({Predecessor:} 16. Rhc1 Rfd8 17. Bg5 f6 18. Be3 Be8 19. Ke2 Rac8 20. g3 Bf8 21. R4c3 b5 22. h4 Bb4 23. Rb3 Be7 24. Rbc3 Bb4 25. Rb3 Bd6 26. Rbc3 Bb4 {½-½ (26) Karjakin,S (2776)-Nepomniachtchi,I (2733) Moscow 2011}) 16... b5 17. Rc2 Rfc8 18. h4 Bf8 19. Rbc1 Ba3 20. Rb1 Na5 (20... Nb4 $15 21. Rxc8+ Rxc8) 21. Rxc8+ $11 Rxc8 22. Ke2 (22. Ne5 $5 {[%cal Re5d7]} Be8 23. Bg5 $11) 22... f6 23. Bd2 Nc4 24. Bb4 Bxb4 25. Rxb4 a5 $1 $36 {[%cal Ra5b4][%mdl 2048] Black is pushing.} 26. Rb1 Na3 27. Rd1 b4 28. Kd2 Bb5 $1 29. Bxb5 Rc2+ (29... Nxb5 $17 30. e5 Nc3) 30. Kd3 ({White should play} 30. Ke1 $1 $15 Nxb5 31. d5) 30... Rc3+ $17 31. Kd2 {Bd3 is the strong threat.} Nxb5 32. Rc1 Rxc1 33. Kxc1 {[%mdl 4096] Endgame KN-KN} Nc3 34. e5 fxe5 ({Black should try} 34... Nxa2+ $17 35. Kb2 Nc3 36. exf6 Kf7) 35. Nxe5 $11 Nxa2+ 36. Kb2 Nc3 37. Kb3 Kg7 38. Nc6 Nd1 39. Nxa5 Nxf2 40. Kxb4 Nd3+ 41. Kc4 Nf4 42. g3 Nh5 43. g4 Nf6 44. g5 Nd5 45. Nc6 Ne3+ 46. Kc5 {White wants to play Nd8.} Nf5 47. Nd8 Nxh4 48. Nxe6+ Kf7 49. Nf4 Nf3 50. Nh3 Ke6 51. d5+ Kd7 52. Kb5 Kd6 53. Kc4 Ne5+ 54. Kd4 Nf7 55. Kc4 Ke5 56. Kc5 Kf5 {aiming for ...Kg4.} 57. d6 Kg4 (57... Ke5 $5 {[%cal Rf7d6]} 58. d7 Ke6 $17) 58. Nf2+ Kxg5 {White should prevent ...Kf5.} 59. d7 Kf6 {Threatens to win with ...Ke7.} 60. Kc6 $2 {[%mdl 8192] [#]} (60. Kd5 $11) 60... Ke7 $2 ({Better is} 60... Ne5+ $1 $19 61. Kd5 Nxd7) 61. Kc7 {Hoping for Nd3.} h5 62. Ne4 Nd8 $1 63. Ng5 h4 64. Nh3 {And now Nf4 would win.} Ne6+ (64... Nf7 $1 $11 65. Ng5 Nd8) 65. Kc8 $16 {[%mdl 1024] White has strong compensation.} Nd8 {[#]} 66. Ng5 ({Only move:} 66. Nf4 $1 $16 {[%cal Rf4g6]} h3 67. Nxh3) 66... Nc6 $11 {The position is equal.} 67. Kc7 Nd8 68. Kc8 Nc6 69. Kc7 Nd8 {Precision: White = 54%, Black = 65%.} 1/2-1/2

[Event "Vasteras Open 2018"]
[Site "Vasteras"]
[Date "2018.09.28"]
[Round "3"]
[White "Ragnarsson, Dagur"]
[Black "Cramling, Pia"]
[Result "0-1"]
[WhiteElo "2249"]
[BlackElo "2465"]
[Annotator "TA"]
[PlyCount "84"]
[EventDate "2018.09.28"]
[EventCountry "SWE"]
[SourceTitle "playchess.com"]
[Source "ChessBase"]
[SourceQuality "1"]

{[%evp 11,84,8,14,-24,29,22,25,3,90,58,70,52,56,53,55,60,60,46,66,54,61,61,50,28,98,0,0,-10,0,0,-9,-6,10,-83,50,51,59,49,62,0,0,0,0,0,0,0,0,0,0,0,0,-67,0,-17,0,-7,-4,-185,-188,-246,-241,-238,-115,-134,-128,-118,-132,-157,-145,-479,-453,-680,-14,-1231,-1225]} 1. d4 Nf6 2. Nf3 d5 3. c4 e6 4. g3 dxc4 5. Bg2 Bd7 6. Qc2 c5 {LiveBook: 24 Partien} 7. dxc5 {E04: Katalanisch} (7. Qxc4 Bc6 8. O-O Nbd7 9. dxc5 Bxc5 10. Nc3 O-O 11. Bg5 Rc8 12. Qb3 h6 13. Bxf6 Nxf6 14. Rad1 Qb6 15. Ne5 Qxb3 16. axb3 Bxg2 17. Kxg2 Rfd8 18. Rxd8+ Rxd8 {0-1 (58) Batsiashvili,N (2485)-Sevian,S (2578) Wijk aan Zee 2016}) 7... Qa5+ $146 (7... Bxc5 $142 8. Nbd2 Bc6) ({Vorgänger:} 7... Bxc5 8. Qxc4 Qb6 9. O-O Bb5 10. Qc2 Nbd7 11. Nc3 Rc8 12. a4 Ba6 13. a5 Qc7 14. Qa4 O-O {½-½ (53) Le,T (2271)-Gong,Q (2284) Tagaytay City 2017}) 8. Nbd2 $11 c3 9. Nb3 {Weiß hat minimalen Vorteil.} Qb4 (9... cxb2+ $11 10. Nxa5 bxa1=Q) 10. bxc3 Qa4 $1 11. Nfd4 Nc6 12. O-O Be7 13. Bg5 O-O 14. Rfd1 Rfd8 15. Nxc6 Bxc6 16. Rd4 Qa6 17. e4 {Lf1 ist eine echte Drohung.} e5 (17... h6 $11 {bleibt in der Remisbreite.} 18. Bf4 Ng4) 18. Bxf6 (18. Bf1 $16 Bb5 19. Bxb5 Qxb5 20. Bxf6 Bxf6 21. Rd5) 18... Bxf6 19. Bf1 Qa3 20. Rxd8+ Rxd8 21. Bc4 Be7 22. Rd1 (22. Bd5 $11) 22... Rf8 ({Besser ist} 22... Rxd1+ $17 23. Qxd1 Qxa2) 23. Bd5 $14 Bxc5 24. Bxc6 bxc6 25. Rd7 ({Günstiger ist} 25. Nxc5 $14 Qxc5 26. Rd7) 25... Bb6 $11 26. Nd2 Qc5 27. Nf3 g6 28. Qd2 Re8 29. Kg2 Kg7 30. Nh4 Re7 {[#] Und weiter mit ...Txd7 wäre nett.} 31. Rd3 ({Lieber} 31. Rd6 $11) 31... h6 (31... Qc4 $15 32. f3 f6) 32. Nf3 Re6 33. Qe2 Qc4 34. Nd2 $2 {[#]} (34. h3 $11) 34... Qxa2 $19 35. f4 (35. Kf1 $142) 35... Rf6 36. f5 gxf5 (36... a5 $19 {Droht stark ...a4.} 37. Rd7 a4) 37. exf5 $17 Rxf5 38. Qg4+ Rg5 39. Qf3 Rg6 40. h4 $2 {[%mdl 8192]} (40. Qe4 $17 {ist eine bessere Chance.}) 40... Qe6 $19 41. Ne4 (41. Qe2 $142 f5 42. Nc4) 41... Qg4 $2 (41... f5 $19 42. Rd2 fxe4 43. Qxe4 Rf6) 42. Rd7 $2 {[%mdl 8192]} (42. h5 $11 Qxf3+ 43. Kxf3) 42... Qxd7 {Precision: Weiß = 35%, Schwarz = 40%.} 0-1

[Event "Vasteras Open 2018"]
[Site "Vasteras"]
[Date "2018.09.28"]
[Round "3"]
[White "Sorensen, Hampus"]
[Black "Sjodahl, Pontus"]
[Result "0-1"]
[WhiteElo "2192"]
[BlackElo "2405"]
[Annotator "TA"]
[PlyCount "204"]
[EventDate "2018.09.28"]
[EventCountry "SWE"]
[SourceTitle "playchess.com"]
[Source "ChessBase"]
[SourceQuality "1"]

{[%evp 20,204,-54,-50,-61,-73,-68,-103,-97,-106,-67,-77,-50,-46,-41,-75,-39,-103,-101,-101,-66,-145,-108,-208,-196,-313,-246,-237,106,77,99,93,93,86,85,68,89,59,70,40,36,37,36,-2,0,-123,-123,-127,-136,-143,-143,-563,-560,-570,-598,-591,-543,-763,-849,-756,-848,-813,-802,-756,-492,-454,-266,-592,-529,-650,-614,-592,-533,-781,-775,-748,-741,-781,-276,-5297,-591,-1292,-579,-850,-316,-312,-300,-489,-482,-464,0,0,0,-1707,0,-466,-453,-2037,-1450,-2473,-2654,-2187,-2123,-1483,-1307,-5380,-5243,-5527,-4133,-29973,-29973,-29942,-1644,-2920,-1857,-1533,-1372,-5683,-5573,-1557,-1151,-1071,-1012,-918,-676,-9295,-8714,-6516,-5953,-5203,-3485,-1464,-1391,-29965,-29965,-29969,-29970,-29970,-29970,-29968,-29970,-29967,-29968,-29963,-9072,-29981,-29982,-29982,-29983,-29983,-29984,-29984,-29985,-29985,0,-29979,-29980,-29987,-29988,-29988,-29989,-29989,-29990,-29990,-29988,-29989,-29987,-29987,-29988,-29988,-29988,-29988,-29987,-29987,-29988,-29988,0,-29988,0,-29985,-29979,-29989,-29990,-29990,-29991,-29991,-4894]} 1. d4 Nf6 2. c4 e6 3. Nf3 d5 4. g3 dxc4 5. Qa4+ Nbd7 6. Qxc4 a6 7. Bg2 b5 8. Qc2 Bb7 9. O-O c5 10. dxc5 Bxc5 11. Nc3 Rc8 {E03: Open Catalan: 5 Qa4+ Nbd7 6 Qxc4} 12. Qb3 (12. a3 O-O 13. Bd2 a5 14. b4 axb4 15. axb4 Bxb4 16. Qb2 Bxf3 17. Qxb4 Bxg2 18. Kxg2 Nb6 19. Rfd1 Nbd5 20. Qxb5 Rxc3 21. Bxc3 Nxc3 22. Rxd8 Nxb5 {0-1 (58) Gholami,A (2489)-Pourramezanali,A (2525) Amol 2018}) 12... O-O 13. Bf4 Qb6 {Black is better.} 14. a4 {[%cal Ra4b5]} b4 $146 ({Predecessor:} 14... Bc6 15. axb5 axb5 16. Nh4 Ng4 {½-½ (38) Langheinrich,F (2412)-Willemze,T (2398) Netherlands 2008}) 15. a5 Qa7 16. Na4 Bd5 $36 {[%mdl 2048] Black fights for an advantage.} 17. Qd1 Qb7 18. Ne1 (18. Nxc5 $15 Nxc5 19. Qe1) 18... Bxg2 19. Nxg2 Rfd8 20. Qe1 (20. Qb3 $15) 20... Qb5 21. Bd2 (21. Nxc5 $17 {was worth a try.} Nxc5 22. Rd1) 21... Bf8 $19 22. Nf4 (22. b3 {was necessary.}) 22... Ne4 ({Not} 22... Qxa5 23. Nd3 $17) 23. Be3 Qxa5 $2 ({Black should play} 23... b3 $19 {And now ...Bb4 would win.} 24. Qb1 Rc2) 24. Nc5 (24. Nb6 {seems wilder.} Qb5 25. Nxc8 Rxc8 26. Qb1 Nec5 27. Qc2) 24... Rxc5 25. Rxa5 Rxa5 26. Nd3 Rb5 27. Qb1 {[%mdl 1024] White has strong compensation.} h6 28. Rd1 Nef6 29. Bf4 Rd5 30. Rc1 a5 31. Kg2 a4 32. Bd2 (32. e4 $11 Nxe4 33. Nxb4 $1 {[%mdl 512]}) 32... Ne5 $17 33. Nxe5 Rxe5 34. Be3 Nd5 $1 35. Rd1 $2 {[%mdl 8192]} (35. Bd4 $17 {is tougher.} Rxe2 36. Rc4) 35... Rxe3 $19 36. Rxd5 Rxd5 37. fxe3 {[%mdl 4096] Endgame KQ-KRB} Rd2 38. Kf1 a3 39. bxa3 bxa3 40. Ke1 Rb2 41. Qc1 Rb3 42. Qc2 Rxe3 (42... Bb4+ $142 43. Kf2 Rb2 44. Qc8+ Kh7) 43. Kf2 $2 (43. Qa4 {is more resistant.}) 43... Re5 44. Kf3 Ra5 45. Qa2 Rf5+ 46. Kg2 Rb5 47. Kf3 Rb2 48. Qc4 g6 $2 (48... a2 49. Qa4 Rb3+ $1 {[%mdl 512]} 50. Qxb3 a1=Q) 49. h4 $2 (49. Qc3) 49... h5 (49... Bg7 $142 {Hoping for ...a2.} 50. Kf2 a2) 50. Qa4 Rb4 (50... a2 $142 51. Kg2 Rxe2+ 52. Kf3 Rh2) 51. Qa8 Rg4 $2 (51... Rb3+ 52. Kf4 Rb2) 52. e4 Kg7 53. Qa6 $2 (53. Qa7) 53... Be7 54. Qa7 {[#]} Bf8 $2 (54... Bf6 $1 $19 {Threatens to win with ...Be5.} 55. Qxa3 Be5) 55. Qd4+ Kg8 {White must now prevent ...a2.} 56. Qa7 $2 {[%mdl 8192]} (56. Qd8 $11) 56... Bg7 $2 (56... Bd6 $19 57. Kf2 Rxg3) 57. Qxa3 $2 {[%mdl 8192]} (57. Qa8+ $1 $11 Bf8 58. Qd8) 57... Be5 58. Kf2 (58. Qc5 $142 Rxg3+ 59. Kf2) 58... Bxg3+ 59. Kf3 Be5 {( -> ...Rg3+)} 60. Qa5 Bf6 61. Qa6 Kg7 62. Qb7 Bxh4 63. Qc6 Bf6 64. Qb7 Be5 65. Qb5 Kf6 (65... Rg5 $142 66. Ke2 h4 67. Qd3 Rg3 68. Qb5 Bf4 69. Qb2+ e5 70. Qb1 h3 71. Qh1 {[#]} h2 $1 {[%mdl 512]} 72. Qxh2 Re3+ 73. Kf2 Bxh2 74. Kxe3 f5 75. Kf3 fxe4+ 76. Kg2 Bf4 77. Kf1 e3 78. Kg2 g5 79. Kf3 Kg6 80. Kg2 g4 81. Kg1 g3 82. Kf1 e4 83. Ke1 g2 84. Ke2 Kf5 85. Kd1 g1=Q+ 86. Kc2 Bd6 87. Kb2 Qd1 88. Kc3 Qb1 89. Kd4 Qd3#) 66. Qa5 Rg3+ 67. Kf2 Rc3 68. Qa8 Kg7 69. Qd8 Rc4 70. Kf3 Bf6 71. Qb8 Rc1 72. e5 Bg5 73. Qb5 Rg1 74. Qc5 Rg4 75. Qb5 Rf4+ 76. Kg3 Rf5 77. Kh3 Bf4 78. Qc4 Bxe5 79. Qe4 g5 {[%cal Bg6g5,Bg5g4][%mdl 32]} 80. Kg2 g4 81. Qe1 Kg6 82. Qb1 h4 {[%cal Bh5h4,Bh4h3][%mdl 32]} 83. Qe4 h3+ 84. Kg1 Kg5 85. Qe3+ Bf4 86. Qd4 Be5 87. Qe3+ $1 Kh5 88. Qe4 g3 89. Qe2+ Kg5 90. Qe3+ Kg4 91. Qe4+ Bf4 92. Qe2+ Kh4 93. Qe4 Kg5 94. Qd4 Re5 {[%cal Re5e1]} 95. Qd8+ Kf5 {[%cal Re5e1]} 96. Qd3+ Kg4 97. Qd1+ Kg5 98. Qd8+ Kf5 {[%cal Re5e1]} 99. Qd3+ Kf6 {Black mates.} 100. Qd8+ Kg7 {[%cal Re5e1]} 101. Qd1 Be3+ 102. Kh1 g2+ {Precision: White = 24%, Black = 64%.} 0-1

[Event "Vasteras Open 2018"]
[Site "Vasteras"]
[Date "2018.09.28"]
[Round "3"]
[White "Marttala, Thomas"]
[Black "Bellon Lopez, Juan Manuel"]
[Result "1/2-1/2"]
[WhiteElo "2177"]
[BlackElo "2342"]
[Annotator "TA"]
[PlyCount "62"]
[EventDate "2018.09.28"]
[EventCountry "SWE"]
[SourceTitle "playchess.com"]
[Source "ChessBase"]
[SourceQuality "1"]

{[%evp 14,62,-21,-66,-20,-18,-22,-17,38,-10,-8,-20,-4,-6,-6,-4,38,37,42,48,37,45,54,30,49,43,73,39,67,22,54,47,60,10,51,0,50,42,53,51,53,0,53,0,53,0,42,35,44,32,22]} 1. e4 c5 2. Nf3 e6 3. d4 cxd4 4. Nxd4 Nf6 5. Nc3 Nc6 6. Ndb5 Bc5 7. Be2 {B45: Sicilian Four Knights} (7. Bf4) 7... O-O 8. O-O {LiveBook: 4 Games} d5 9. exd5 {The position is equal.} exd5 $146 ({Predecessor:} 9... Nxd5 10. Nxd5 exd5 11. Nc3 d4 12. Ne4 Be7 13. Bf4 f5 14. Bc4+ Kh8 {½-½ (41) Mladenov,A-Ninov,D (1998) Sofia 2010}) 10. Bg5 a6 (10... Be6 $11) 11. Na4 (11. Bxf6 $5 gxf6 12. Na4 $11) 11... Be7 12. Nd4 h6 13. Be3 Ne5 14. Nf3 Nxf3+ 15. Bxf3 Be6 16. Nb6 $36 {[%mdl 2048] White fights for an advantage.} Rb8 17. a4 {[%cal Ba2a4,Ba4a5][%mdl 32]} Qd6 18. a5 Rbd8 19. c3 Qc7 20. Qd4 Bd6 21. h3 Bh2+ 22. Kh1 Be5 23. Qb4 Bd6 24. Qd4 (24. Qa4 $14) 24... Rfe8 25. Rfd1 ({Not} 25. Bxd5 $2 Be5 $19) ({Avoid the trap} 25. Nxd5 $2 Nxd5 26. Bxd5 Be5 $19) 25... Be5 26. Qb4 Bd6 27. Qd4 Be5 28. Qb4 Bd6 29. Qd4 (29. Qh4 $14) 29... Ne4 30. Nxd5 Bxd5 31. Qxd5 Bg3 $1 {Precision: White = 54%, Black = 27%.} 1/2-1/2

[Event "Vasteras Open 2018"]
[Site "Vasteras"]
[Date "2018.09.28"]
[Round "3"]
[White "Blomstrom, Lars"]
[Black "Kucuksari, Kaan"]
[Result "1-0"]
[WhiteElo "2166"]
[BlackElo "2327"]
[Annotator "TA"]
[PlyCount "81"]
[EventDate "2018.09.28"]
[EventCountry "SWE"]
[SourceTitle "playchess.com"]
[Source "ChessBase"]
[SourceQuality "1"]

{[%evp 10,80,0,-40,-45,-45,-29,-60,-53,-59,-60,-57,-48,-83,-85,-122,-122,-232,-203,-354,-343,-334,-225,-291,-285,-283,-139,-147,-132,-206,-201,-321,-312,-356,-261,-350,-172,-391,-379,-367,-332,-379,135,86,108,93,114,133,219,210,321,334,495,352,752,737,1439,1181,1148,1081,29994,617,620,597,565,497,497,354,366,383,387,381,29999]} 1. e4 c5 2. Nc3 e6 3. g3 d5 4. Bg2 Nf6 5. d3 Nc6 6. Nge2 d4 {B24: Closed Sicilian: 3 g3 sidelines} (6... dxe4 7. dxe4 Qxd1+ 8. Nxd1 Nb4 9. Ne3 Ng4 10. Nxg4 Nxc2+ 11. Kd1 Nxa1 12. Nc3 Bd7 13. Ne5 b5 14. Nxd7 {1-0 (50) Vokac,M (2451)-Navara,D (2646) Pardubice 2008}) 7. Nb1 h5 8. h4 e5 {Black is slightly better.} 9. Nd2 $146 ({Predecessor:} 9. Bg5 Qb6 10. b3 Be7 11. O-O O-O 12. Nd2 Qd8 13. Bxf6 Bxf6 {0-1 (38) Barry,B (2111)-Haug,U (1243) IECG email 1999}) 9... Be6 10. a4 a6 11. Ng1 Ng4 12. Nh3 f6 $36 {[%mdl 2048] White is under strong pressure.} 13. Nf1 (13. O-O $17) 13... c4 $1 $19 {Hoping for ...Nb4.} 14. f3 $2 (14. Nd2) 14... Bb4+ 15. Ke2 Qd7 16. Nf2 cxd3+ 17. cxd3 Qf7 (17... Na5 $1 $19 {has better winning chances.} 18. Bd2 (18. fxg4 $2 Bb3 $19) 18... Bxd2 19. fxg4 Bb4 20. gxh5 O-O) 18. Bd2 $17 Bb3 19. Qe1 {[#]} (19. Qc1 $17 {might work better.} Nxf2 20. Kxf2) 19... Ne3 $1 $19 {[%mdl 512]} 20. Bxb4 (20. Nxe3 {was forced.} dxe3 21. Bxb4 Nd4+ 22. Kf1) (20. Bxe3 Bxe1) 20... Nc2 $1 (20... Nxg2 21. Qd2 $15) 21. Qd2 N6xb4 22. Rc1 O-O (22... Bxa4 $142 23. Bh3 Qb3) 23. Nh2 $2 (23. Bh3 {only move.}) 23... Rac8 24. Bh3 Rc6 25. g4 Ne3 $2 ({Black should play} 25... Na2 $19 {aiming for ...hxg4.} 26. a5 hxg4 27. fxg4 Ba4) 26. Qxb4 $16 {Strongly threatening Rxc6.} Rfc8 27. Rxc6 Rxc6 28. f4 $1 exf4 (28... Rc2+ $16 {was necessary.} 29. Kf3 Rxb2) 29. Qxd4 $18 Nc2 (29... Qc7 {was worth a try.} 30. gxh5 Bf7) 30. Qd8+ Kh7 (30... Qf8 $142 31. Qxf8+ Kxf8) 31. gxh5 {White wants to mate with Bf5+.} Qxh5+ $2 (31... Ne3) 32. Bg4 Qe5 33. Bf5+ g6 34. Nf3 Qxb2 {[#]} 35. Ng5+ (35. Bxg6+ $142 $1 {[%mdl 512]} Kg7 (35... Kxg6 36. Rg1+) 36. Qe7+ Kg8 {[#]} 37. Bf7+ $1 {[%mdl 512]} Kh8 38. Qf8+ Kh7 39. Qg8+ Kh6 40. Qh8#) 35... Kg7 36. Qe7+ Kg8 37. Qe8+ Kg7 38. Qxg6+ Kf8 39. Nh7+ Ke7 {( -> ...Nd4+)} 40. Qg7+ Bf7 $2 (40... Kd6 $18 41. Qd7+ Kc5) 41. Qf8# {Precision: White = 45%, Black = 44%.} 1-0

[Event "Vasteras Open 2018"]
[Site "Vasteras"]
[Date "2018.09.28"]
[Round "4"]
[White "Hector, Jonny"]
[Black "Blomstrom, Lars"]
[Result "1-0"]
[WhiteElo "2507"]
[BlackElo "2166"]
[Annotator "TA"]
[PlyCount "55"]
[EventDate "2018.09.28"]
[EventCountry "SWE"]
[SourceTitle "playchess.com"]
[Source "ChessBase"]
[SourceQuality "1"]

{[%evp 22,55,35,36,62,42,39,-14,-11,-58,-67,-44,-36,-43,-27,-17,0,-46,0,14,125,107,177,177,505,565,577,575,567,570,573,544,639,638,625,612]} 1. d4 Nf6 2. Nc3 d5 3. Bg5 Nbd7 4. Qd3 e6 5. e4 dxe4 6. Nxe4 Be7 7. Nxf6+ Bxf6 8. Bxf6 Qxf6 9. Nf3 {[%cal Bg1f3,Bf3e5,Be5g4][%mdl 32]} c5 10. O-O-O O-O 11. Qe3 cxd4 {C13: French: Classical System: 4 Bg5 Be7, Alekhine-Chatard Attack} 12. Rxd4 {LiveBook: 4 Games} Nb6 13. Ne5 $146 ({Predecessor:} 13. c4 Rd8 14. Rxd8+ Qxd8 15. Bd3 Qc7 16. Kb1 Bd7 17. Qe4 g6 18. Ne5 Rd8 19. h4 {½-½ (46) Raetsky,A (2426)-Mohammad,S (2369) Abu Dhabi 2014}) 13... Nd5 {White is slightly better.} 14. Qe4 (14. Qg3 $14) 14... Qxf2 $11 {Strongly threatening ...f5.} 15. Ng4 Qh4 {White must now prevent ...f5.} 16. g3 Qg5+ 17. Kb1 f5 18. Qe5 $1 Qg6 19. Ne3 Nxe3 ({Better is} 19... Qf6 $15 20. Qxf6 Nxf6) 20. Qxe3 e5 (20... Qf6 $11) 21. Bc4+ $1 $16 ({But not} 21. Qxe5 Re8 $14) 21... Be6 (21... Kh8 $16 {was necessary.} 22. Qxe5 Re8) 22. Rd6 $1 $18 {[%cal Rd6e6]} Rfe8 $2 {[#]} (22... Bxc4 {is a better chance.} 23. Rxg6 hxg6) 23. Rxe6 $1 {White is clearly winning.} Rxe6 24. Qxe5 $1 Rae8 {[#]} 25. Re1 $1 Kf7 26. a4 R8e7 27. Qd6 Qf6 28. Rxe6 {Precision: White = 68%, Black = 18%.} 1-0

[Event "Vasteras Open 2018"]
[Site "Vasteras"]
[Date "2018.09.28"]
[Round "4"]
[White "Cramling, Pia"]
[Black "Ernst, Thomas"]
[Result "1-0"]
[WhiteElo "2465"]
[BlackElo "2333"]
[Annotator "TA"]
[PlyCount "65"]
[EventDate "2018.09.28"]
[EventCountry "SWE"]
[SourceTitle "playchess.com"]
[Source "ChessBase"]
[SourceQuality "1"]

{[%evp 16,65,27,36,46,26,25,39,39,38,41,44,108,121,169,164,189,160,273,249,300,308,310,301,305,297,299,294,330,287,452,370,398,389,383,328,388,341,625,602,676,673,662,461,452,460,447,439,436,427,429,418]} 1. Nf3 d5 2. g3 c5 3. Bg2 Nc6 4. d4 cxd4 5. Nxd4 e5 6. Nxc6 bxc6 7. O-O {D02: 1 d4 d5 2 Nf3 sidelines, including 2...Nf6 3 g3 and 2...Nf6 3 Bf4} (7. c4 Nf6 8. Nc3 Rb8 9. O-O Be6 10. Qa4 Qd7 11. cxd5 cxd5 12. Qxd7+ Kxd7 13. Rd1 d4 14. e3 Bc5 15. Na4 Bb6 16. Nxb6+ Rxb6 17. exd4 e4 18. d5 Bg4 19. Rd4 Rc8 {½-½ (32) Nakamura,H (2785)-Anand,V (2786) Stavanger 2017}) 7... Be6 8. c4 Qd7 9. Qa4 {LiveBook: 3 Games. White has an edge.} Rc8 10. cxd5 cxd5 11. Qxd7+ Kxd7 12. Rd1 Nf6 13. Nc3 d4 ({Better is} 13... Bc5 $14) 14. e3 $16 Bc5 15. exd4 Bxd4 16. Be3 Rc4 (16... Ke7 $16 {was called for.}) 17. Nb5 $146 ({Predecessor:} 17. Bxd4 exd4 {½-½ (41) Szekely,C (2115)-Rummel,Z (2122) Hungary 2011}) 17... Bg4 18. f3 ({Less strong is} 18. Bxd4 Bxd1 19. Bxe5 (19. Rxd1 exd4 20. Nxd4 Kc8 $15) 19... Be2 $14) 18... Be6 19. Nxd4 exd4 20. Bxd4 ({Don't do} 20. Rxd4+ $6 Rxd4 21. Bxd4 Rc8 $18) 20... Ke7 21. Bxa7 Rhc8 22. Bd4 Rc2 (22... Rd8 {keeps fighting.}) 23. Bf1 Ra8 24. Bd3 Rcc8 25. a3 Bc4 26. Bc3 Bd5 $2 {[#]} (26... Kf8 27. Bxc4 Rxc4) 27. Bb4+ $18 {White is clearly winning.} Ke8 28. Bb5+ Bc6 29. Re1+ Kd8 30. Rad1+ Kc7 31. Re7+ Kb6 32. Bxc6 Rxc6 33. Rxf7 {Precision: White = 78%, Black = 27%.} 1-0